A 19% egy éve - A szlovák adóreform 2004-ben
Slovenský daňový systém a jeho reforma v roku 2004. Podstata a ciele slovenskej daňovej reformy. Zavedenie rovnej dane. Zjednodušený slovenský daňový systém. Zmeny v daniach z príjmov. Miestne dane. Daň z pridanej hodnoty a spotrebná daň. Zdaňovanie právnických osôb. Ekonomické a politické pozadie d...
Saved in:
| Main Author: | |
|---|---|
| Other Authors: | , , |
| Format: | Book Chapter |
| Language: | Hungarian |
| Subjects: | |
| Tags: |
No Tags, Be the first to tag this record!
|
MARC
| LEADER | 00000naa$a2200000$$$4500 | ||
|---|---|---|---|
| 001 | 0047934 | ||
| 005 | 20240502083128.6 | ||
| 041 | 0 | |a hun | |
| 044 | |a HU | ||
| 245 | 1 | 0 | |a A 19% egy éve - A szlovák adóreform 2004-ben |c Tomáš Dudáš, Csaba Árendás, Gábor Illés, Marianna Szinek Kénesy |
| 520 | |a Slovenský daňový systém a jeho reforma v roku 2004. Podstata a ciele slovenskej daňovej reformy. Zavedenie rovnej dane. Zjednodušený slovenský daňový systém. Zmeny v daniach z príjmov. Miestne dane. Daň z pridanej hodnoty a spotrebná daň. Zdaňovanie právnických osôb. Ekonomické a politické pozadie daňovej reformy v SR. | ||
| 610 | 2 | 0 | |a reformy daňové |
| 610 | 2 | 0 | |a dane z príjmov |
| 610 | 2 | 0 | |a dane z hodnoty pridanej |
| 610 | 2 | 0 | |a dane spotrebné |
| 610 | 2 | 0 | |a osoby fyzické |
| 610 | 2 | 0 | |a osoby právnické |
| 610 | 2 | 0 | |a Slovensko |
| 100 | 1 | |a Dudáš, Tomáš, 1976- | |
| 700 | 1 | |a Árendás, Csaba | |
| 700 | 1 | |a Illés, Gábor | |
| 700 | 1 | |a Szinek Kénesy, Marianna | |